[Event "IECC CL8-2004.03 email"]
[Site "IECC email"]
[Date "2004.03.02"]
[Round "?"]
[White "Lednev, Konstantin"]
[Black "Smeulders, Thomas"]
[Result "1-0"]
[WhiteElo "1018"]
[BlackElo "859"]
[PlyCount "57"]
[EventDate "2004.??.??"]
[EventType "tourn (corr)"]
[EventRounds "4"]
[SourceTitle "Corr 2008"]
[Source "ChessBase"]
[SourceDate "2008.06.24"]
[SourceVersion "1"]
[SourceVersionDate "2008.06.24"]
[SourceQuality "1"]

1. e4 Nc6 2. d4 e5 3. dxe5 Nxe5 4. Bf4 Qe7 5. Qd4 f6 6. Nc3 Qd6 7. 0-0-0 g5 8. Nb5 Qc5 9. Qxc5 Bxc5 10. Bxe5 Bxf2 11. Nxc7+ Kd8 12. Nxa8 fxe5 13. Nf3 h6 14. Nxe5 Nf6 15. Nf7+ Ke7 16. Nxh8 Nxe4 17. Rd3 d6 18. g3 g4 19. Bg2 Nc5 20. Ng6+ Kf6 21. Rxd6+ Kf5 22. Rf1 Ne4 23. Bxe4+ Kxe4 24. Rxf2 Ke3 25. Rdf6 a6 26. R6f4 b5 27. Nb6 Bb7 28. Ne7 h5 29. Ned5+ 1-0